| 000 | 00525nam a22001577a 4500 | ||
|---|---|---|---|
| 008 | 160310b xxu||||| |||| 00| 0 eng d | ||
| 020 | _a971-91142-2-3 | ||
| 082 |
_aDFil 657 _bL88 |
||
| 100 |
_93577 _aLopez Rafael M. Jr. |
||
| 245 |
_aAccounting for Partnership and Corporation: _bSimplified procedural approach/ _cRafael M. Lopez, Jr. |
||
| 250 | _a2012-2013 Edition | ||
| 260 |
_aMa-a, Davao City: _bMS LOPEZ Printing & Publishing _cc2013. |
||
| 300 |
_a430 pages: _c25 cm. |
||
| 650 | 0 |
_93580 _aAccounting |
|
| 942 |
_2ddc _cDFIL |
||
| 999 |
_c1241 _d1241 |
||